| 000 | 00993nam a22002657a 4500 | ||
|---|---|---|---|
| 001 | 7306 | ||
| 003 | FISKH | ||
| 005 | 20250814142815.0 | ||
| 008 | 250709b cb ||||| |||| 00| 0 eng d | ||
| 020 | _a9781740897914engeng | ||
| 040 |
_aFISKH _beng _cFISKH _dFISKH |
||
| 050 | _aPZ7 | ||
| 082 | _a590 | ||
| 100 | _aRyan, Denise | ||
| 245 |
_aBaby animals : _bTop readers / _cDenise Ryan |
||
| 260 |
_aSydney : _bWeldon Owen, _c2008. |
||
| 300 |
_a24 pages : _bcolor illustrations ; _c23 cm |
||
| 505 | _aE | ||
| 520 | _aThis early reader introduces young children to a variety of baby animals from around the world. With simple sentences and engaging photographs, it helps early learners build vocabulary and understand animal life. It’s ideal for beginner readers and supports early science learning. | ||
| 521 | 8 |
_a200
_bLexile estimate |
|
| 521 | 8 |
_aE
_bRaz-Plus |
|
| 650 |
_aBaby Animals _vNonfiction _xNature Animals |
||
| 942 |
_2ddc _cBK _n0 |
||
| 999 |
_c7306 _d7306 |
||